Ilajul Ghurba (Record no. 1026)

MARC details
000 -LEADER
fixed length control field 00627nam a2200253 a 4500
020 ## - INTERNATIONAL STANDARD BOOK NUMBER
ISBN
082 00 - DEWEY DECIMAL CLASSIFICATION NUMBER
Classification number 616.927
Author Cutter GHU
100 ## - MAIN ENTRY--AUTHOR NAME
Author name Ghulam, Imam
245 ## - TITLE STATEMENT
Title Ilajul Ghurba
Sub title Treatment of the Poor
260 ## - PUBLICATION, DISTRIBUTION, ETC. (IMPRINT)
Place of publication Baraily
Name of publisher Matba-E-Siddiqi
Year of publication 1864
300 ## - PHYSICAL DESCRIPTION
Number of Pages 294p
500 ## - GENERAL NOTE
General note includes index and biblioraphy
505 2# - FORMATTED CONTENTS NOTE
Formatted contents note Hand Written Manuscript
650 ## - SUBJECT ADDED ENTRY--TOPICAL TERM
Topical Term Medicine-Arabian
650 ## - SUBJECT ADDED ENTRY--TOPICAL TERM
Topical Term Medicine-Unani
942 ## - ADDED ENTRY ELEMENTS (KOHA)
Koha item type Books
700 1# -
-- Ghulam, Imam
Holdings
Collection code Home library Current library Date acquired Cost, normal purchase price Full call number Accession Number Koha item type
  Henry Martyn Institute Library Henry Martyn Institute Library 06/12/2007 100.00 616.927 GHU 04938 Books
                   Copyright © 2026 | Henry Martyn Institute | Hyderabad | TS-500052 | INDIA | Implemented by hmi.edu.in
Hit-Count:

Powered by Koha